Which flag is that #2 - Statistics

General Stats
  • This quiz has been taken 17 times
  • The average score is 20 of 24
Answer Stats
Picture Answer % Correct
Vatican city
100%
Algeria
92%
Costa Rica
92%
Greece
92%
India
92%
Iran
92%
Japan
92%
Pakistan
92%
Sri Lanka
92%
Thailand
92%
United States
92%
Vietnam
92%
California
83%
Cambodia
83%
Malta
83%
Hong Kong
75%
Laos
75%
Maldives
75%
Philippines
75%
San Marino
75%
Somalia
75%
Tajikistan
67%
Macau
58%
Abkhazia
33%
No matching quizzes found
Score Distribution
Percent of People with Each Score
Percentile by Number Answered
Your Score History
You have not taken this quiz